Els Senyors de Golovliovi / Xedrin ; traducció del rus per Francesc Payarols
Descripción Física:
2 v. ; 17 cm
Colección:
Biblioteca a tot vent ; 42 i 42A
Otros Autores:
Payarols, Francesc, tr
MARC
| LEADER | 00000nam a2200000Ia 4500 | ||
|---|---|---|---|
| 001 | 12512, 12513 | ||
| 008 | 160829s1931 xx 000 0 cat d | ||
| 080 | |a L-1-128, L-1-129 | ||
| 100 | |a Saltikov-Scedrin, Mikail Jebgrajovic |9 28971 | ||
| 245 | |a Els Senyors de Golovliovi / Xedrin ; traducció del rus per Francesc Payarols | ||
| 260 | |a Badalona : |b Proa, |c 1931 | ||
| 300 | |a 2 v. ; |c 17 cm | ||
| 490 | |a Biblioteca a tot vent ; 42 i 42A | ||
| 590 | |a Aquests llibres provenen dels lligalls de la xarxa de biblioteques populars. Porten a la portada un segell del 'Servei de Biblioteques del Front' | ||
| 700 | |a Payarols, Francesc, tr. |9 28972 | ||
| 901 | |a Arxiu | ||
| 942 | |n 1 | ||
| 952 | |0 0 |1 0 |4 0 |6 L1128_L1129 |7 1 |9 44992 |a Arxiu |b Arxiu |d 2016-12-01 |l 0 |o L-1-128, L-1-129 |p 12512, 12513 |r 2016-12-01 00:00:00 |w 2016-12-01 |y ARXIU | ||
| 999 | |c 47596 |d 47596 | ||